| 000 | 004570000a22001210004500 | ||
|---|---|---|---|
| 090 |
_aAS _bSeriadas |
||
| 245 | 1 | 0 | _aPatrones de crecimiento de las tortugas gigantes (<Geochelone ephippium>) de la Isla de Pinzón, Galápagos |
| 041 | 0 | _aEspañol | |
| 700 | 1 |
_aFritts, Thomas H. _999194 |
|
| 100 | 1 |
_aSiaca, R. Amnris _999195 |
|
| 942 | _cARTICULO | ||
| 773 | 1 |
_tRevista de la Academia Colombiana de Ciencias Exactas, Fisicas y Naturales _332 _h75 _q741-744 _d1995 _g19 |
|
| 999 |
_c14306 _d14306 |
||